00358nam a2200133Ia 4500008004100000041000800041082001800049100001600067245005100083260005000134300000800184365001600192700001600208230718s9999 xx 000 0 und d aeng a005.4'53bLOU aLouden K.C. aCompiler ConstructionbPrinciples And Practice bThomson Brooks /Cole (Vikas Publishing House) a582 cRs.b295.00 aLouden K.C.